[Event "Ceske Budejovice op-A"]
[Site "Ceske Budejovice"]
[Date "2023.07.05"]
[Round "5"]
[White "Vltavsky, Vladimir"]
[Black "Novak, Vaclav"]
[Result "1-0"]
[WhiteElo "2104"]
[BlackElo "1899"]
[PlyCount "105"]
[EventDate "2023.07.01"]
[EventType "swiss"]
[EventRounds "9"]
[EventCountry "CZE"]
[SourceTitle "CBM 215 Extra"]
[Source "ChessBase"]
[SourceDate "2023.09.30"]
[SourceVersion "1"]
[SourceVersionDate "2023.09.30"]
[SourceQuality "1"]

1. d4 e6 2. e4 c5 3. c3 cxd4 4. cxd4 Nf6 5. Nc3 Bb4 6. Bd3 Nc6 7. Nge2 d5 8. e5 Nd7 9. 0-0 Nb6 10. a3 Bxc3 11. bxc3 Bd7 12. Ng3 Qe7 13. a4 Na5 14. Ba3 Qh4 15. Bb4 Nac4 16. Qc2 a5 17. Bc5 Bc6 18. Rfb1 Nd7 19. Bxc4 Nxc5 20. Bb5 Nd7 21. Bxc6 bxc6 22. Rb7 Qd8 23. Rab1 0-0 24. c4 Rb8 25. c5 Rxb7 26. Rxb7 Qc8 27. Qb2 f6 28. f4 fxe5 29. fxe5 Qd8 30. Qd2 Qc8 31. Rb1 Qa6 32. Qe2 Qxe2 33. Nxe2 Rb8 34. Rxb8+ Nxb8 35. Nc1 Kf7 36. Nb3 Na6 37. Nxa5 Nb4 38. Kf2 Ke7 39. Ke2 Kd7 40. Kd2 Kc7 41. h4 h5 42. Nb3 Kd7 43. Nc1 Ke7 44. Nd3 Na6 45. Nf4 Kf7 46. Nxh5 Kg6 47. g4 Kf7 48. Kc3 Nc7 49. Nf4 Na6 50. Nd3 Ke7 51. Nb4 Nb8 52. a5 Kd7 53. a6 1-0

[Event "Ceske Budejovice op-A"]
[Site "Ceske Budejovice"]
[Date "2022.07.03"]
[Round "3"]
[White "Vltavsky, Vladimir"]
[Black "Simunek, Jakub Simon"]
[Result "1-0"]
[WhiteElo "2106"]
[BlackElo "1887"]
[PlyCount "47"]
[EventDate "2022.07.01"]
[EventType "swiss"]
[EventRounds "9"]
[EventCountry "CZE"]
[SourceTitle "CBM 209 Extra"]
[Source "ChessBase"]
[SourceDate "2022.09.30"]
[SourceVersion "1"]
[SourceVersionDate "2022.09.30"]
[SourceQuality "1"]

1. d4 e6 2. Nf3 d5 3. c4 Nf6 4. Nc3 c5 5. cxd5 exd5 6. g3 Nc6 7. Bg2 Be6 8. 0-0 Qd7 9. Re1 0-0-0 10. Bf4 Nh5 11. Be3 Be7 12. Rc1 f5 13. Na4 f4 14. gxf4 Bh3 15. Bxh3 Qxh3 16. Nxc5 Rd6 17. Kh1 Nf6 18. Rg1 Ne4 19. Nxe4 dxe4 20. Ne5 Qe6 21. Qa4 a6 22. Nxc6 Rxc6 23. Rxc6+ Qxc6 24. Rc1 1-0

[Event "Ceske Budejovice op-A"]
[Site "Ceske Budejovice"]
[Date "2020.07.02"]
[Round "2"]
[White "Vltavsky, Vladimir"]
[Black "Novak, Vaclav"]
[Result "1/2-1/2"]
[WhiteElo "2202"]
[BlackElo "1926"]
[PlyCount "49"]
[EventDate "2020.07.01"]
[EventType "swiss"]
[EventRounds "9"]
[EventCountry "CZE"]
[SourceTitle "CBM 197 Extra"]
[Source "ChessBase"]
[SourceDate "2020.09.30"]
[SourceVersion "1"]
[SourceVersionDate "2020.09.30"]
[SourceQuality "1"]

1. e4 e5 2. Nf3 Nc6 3. Bb5 a6 4. Bxc6 dxc6 5. d4 Bg4 6. dxe5 Qxd1+ 7. Kxd1 f6 8. exf6 Nxf6 9. e5 0-0-0+ 10. Nbd2 Ne4 11. Ke2 Nxd2 12. Bxd2 Re8 13. Be3 Rxe5 14. h3 Bxf3+ 15. Kxf3 Bd6 16. g4 Bc5 17. Bxc5 Rxc5 18. c3 Rd5 19. Rad1 Rhd8 20. Rxd5 cxd5 21. Re1 Kd7 22. Re5 Kd6 23. Rh5 h6 24. Ke3 Re8+ 25. Kd3 1/2-1/2

[Event "WchT Seniors 50"]
[Site "Prague"]
[Date "2020.03.11"]
[Round "6.1"]
[White "Priehoda, Vitezslav"]
[Black "Vltavsky, Vladimir"]
[Result "0-1"]
[WhiteElo "2337"]
[BlackElo "2212"]
[PlyCount "72"]
[EventDate "2020.03.06"]
[EventType "team-swiss"]
[EventRounds "7"]
[EventCountry "CZE"]
[SourceTitle "CBM 195 Extra"]
[Source "ChessBase"]
[SourceDate "2020.05.31"]
[SourceVersion "1"]
[SourceVersionDate "2020.05.31"]
[SourceQuality "1"]
[WhiteTeam "Czech Republic 50 II"]
[BlackTeam "Czech Republic 50 IV"]
[WhiteTeamCountry "CZE"]
[BlackTeamCountry "CZE"]

1. d4 Nf6 2. c4 e6 3. Nc3 Bb4 4. e3 c5 5. Bd3 Nc6 6. Nge2 cxd4 7. exd4 d5 8. c5 0-0 9. a3 Bxc3+ 10. bxc3 b6 11. cxb6 axb6 12. 0-0 Ba6 13. Bc2 Ne4 14. f3 Nd6 15. Re1 Na5 16. a4 Rc8 17. Bd3 Bxd3 18. Qxd3 Nb3 19. Ra2 Nxc1 20. Rxc1 Ra8 21. Rb1 Nc4 22. Rb4 Qc7 23. Qb1 Ra7 24. h3 Rfa8 25. Qb3 g6 26. Kf2 Kg7 27. Qd1 Ra5 28. Qb3 h5 29. Qb1 Qd7 30. Qb3 b5 31. Nc1 Rxa4 32. Raxa4 bxa4 33. Qa2 a3 34. Nd3 Qc7 35. Nc5 Qf4 36. Kg1 Qd2 0-1

[Event "CZE-chT2C 1920"]
[Site "Czech Republic"]
[Date "2020.02.09"]
[Round "8.2"]
[White "Vltavsky, Vladimir"]
[Black "Srba, Milan"]
[Result "1-0"]
[WhiteElo "2192"]
[BlackElo "2144"]
[PlyCount "91"]
[EventDate "2019.10.13"]
[EventType "team-tourn"]
[EventRounds "11"]
[EventCountry "CZE"]
[SourceTitle "EXT 2024"]
[Source "ChessBase"]
[SourceDate "2023.10.10"]
[SourceVersion "1"]
[SourceVersionDate "2023.10.10"]
[SourceQuality "1"]
[WhiteTeam "Turnov Zikuda III"]
[BlackTeam "Mlada Boleslav"]
[WhiteTeamCountry "CZE"]
[BlackTeamCountry "CZE"]

1. e4 e6 2. d4 d5 3. e5 c5 4. c3 Nc6 5. Nf3 Bd7 6. dxc5 Bxc5 7. Bd3 Nge7 8. Bf4 Ng6 9. Bg3 0-0 10. Bxg6 fxg6 11. 0-0 g5 12. Ne1 Ne7 13. Nd3 Bb6 14. h3 Nf5 15. Bh2 Bb5 16. a4 Ba6 17. b4 Bxd3 18. Qxd3 a5 19. Nd2 Rc8 20. Rac1 axb4 21. cxb4 Bxf2+ 22. Kxf2 Qb6+ 23. Ke2 Nd4+ 24. Kd1 Rxc1+ 25. Kxc1 Rc8+ 26. Kd1 Qxb4 27. Bg1 Qxa4+ 28. Ke1 Rc1+ 29. Kf2 Rc2 30. Rd1 Nf5 31. Ke1 Ra2 32. Bf2 Qf4 33. g4 Qxe5+ 34. Qe2 Qxe2+ 35. Kxe2 Nd6 36. Kf1 Kf7 37. Bc5 Nb5 38. Nf3 Rc2 39. Be3 h6 40. Rb1 Nd6 41. Bd4 b5 42. Ra1 b4 43. Rb1 Ne4 44. Rxb4 Ke7 45. Rb7+ Kd6 46. Be5+ 1-0

[Event "CZE-chT2C 1920"]
[Site "Czech Republic"]
[Date "2019.10.13"]
[Round "1.2"]
[White "Vltavsky, Vladimir"]
[Black "Spacek, Petr"]
[Result "1-0"]
[WhiteElo "2192"]
[BlackElo "2349"]
[PlyCount "91"]
[EventDate "2019.10.13"]
[EventType "team-tourn"]
[EventRounds "11"]
[EventCountry "CZE"]
[SourceTitle "EXT 2024"]
[Source "ChessBase"]
[SourceDate "2023.10.10"]
[SourceVersion "1"]
[SourceVersionDate "2023.10.10"]
[SourceQuality "1"]
[WhiteTeam "Turnov Zikuda III"]
[BlackTeam "Lysa nad Labem Joly III"]
[WhiteTeamCountry "CZE"]
[BlackTeamCountry "CZE"]

1. Nf3 Nf6 2. d4 g6 3. Nc3 Bg7 4. e4 d6 5. Be2 0-0 6. 0-0 c6 7. a4 a5 8. h3 Nbd7 9. Be3 e5 10. dxe5 dxe5 11. Nd2 Qe7 12. Nc4 Rd8 13. Qd6 Qxd6 14. Nxd6 Bf8 15. Rfd1 Be7 16. Bc4 Bxd6 17. Rxd6 Kg7 18. Rad1 Re8 19. f3 Nf8 20. Nb1 Be6 21. Na3 Re7 22. Bxe6 Rxe6 23. Nc4 Rxd6 24. Rxd6 N6d7 25. Bd2 Ra6 26. b3 c5 27. Rxa6 bxa6 28. Bxa5 Ne6 29. c3 h5 30. Nb6 Nb8 31. Nd5 h4 32. Kf2 f5 33. Bb6 Nd7 34. Ba7 Nd8 35. b4 cxb4 36. cxb4 Kf7 37. Be3 Nf6 38. Nxf6 Kxf6 39. Bb6 Nb7 40. Bc7 g5 41. Ke3 Ke6 42. Kd3 fxe4+ 43. fxe4 Kd7 44. Bxe5 Nd8 45. Kc4 Ke6 46. Bc7 1-0

[Event "Ceske Budejovice op"]
[Site "Ceske Budejovice"]
[Date "2019.07.05"]
[Round "7"]
[White "Vltavsky, Vladimir"]
[Black "Lys, Josef"]
[Result "1-0"]
[WhiteElo "2179"]
[BlackElo "2108"]
[PlyCount "67"]
[EventDate "2019.06.29"]
[EventType "swiss"]
[EventRounds "9"]
[EventCountry "CZE"]
[SourceTitle "CBM 191 Extra"]
[Source "ChessBase"]
[SourceDate "2019.09.30"]
[SourceVersion "1"]
[SourceVersionDate "2019.09.30"]
[SourceQuality "1"]

1. e4 c6 2. d4 d5 3. e5 Bf5 4. Nf3 e6 5. Be2 Ne7 6. Nh4 h6 7. Nxf5 Nxf5 8. c3 Nd7 9. Bd3 g6 10. Nd2 Bg7 11. Nf3 Qe7 12. a4 0-0 13. h4 f6 14. g4 fxe5 15. dxe5 Nxe5 16. Nxe5 Nxh4 17. Nxg6 Nxg6 18. Bxg6 Qf6 19. Qc2 Qf3 20. Rg1 c5 21. Ra3 c4 22. Qe2 Qf6 23. Bc2 Qh4 24. Be3 Qh2 25. f4 Qh3 26. Kd2 e5 27. f5 Rad8 28. Kc1 Rd7 29. Bxa7 Qh4 30. Bf2 Qd8 31. a5 Qc8 32. Ra4 Rc7 33. g5 hxg5 34. Rxg5 1-0